00844nam a2200181Ia 4500008004100000020001800041082002000059100001900079245013300098260002200231300001100253500006300264650001800327952010600345952009700451952009700548999001700645120622s9999 xx 000 0 und d a968-18-0899-1 a540 H758i 2002 aHolum, John R. aIntroducción a los principios de química / John R. Holum ; tr. Hortensia Corona Rodríguez ; rev. Jesús Guzmán García aMéxico : Limusa a286 p. aTítulo original: Introduction to principles of chemistry a1. QUIMICAÌ 00104070a01b01d2007-01-25l2o540 H758I 2002p01 007397r2018-02-15s2018-02-12w2012-06-24yLB 00104070a01b01d2007-01-25l0o540 H758I 2002p01 007398r2012-06-24t2w2012-06-24yLB 00104070a01b01d2007-01-25l0o540 H758I 2002p01 007399r2024-03-13t3w2012-06-24yLB c54425d54425